| 000 | 00633nam a2200145Ia 4500 | ||
|---|---|---|---|
| 008 | 170221s9999 xx 000 0 und d | ||
| 100 | _aNatalia A. Orekhovskaya | ||
| 245 | _aManagement of Young Professionals Success in the Labor Market | ||
| 245 | _cNatalia A. Orekhovskaya, Sergei Y. Lavrentiev, Elmira R. Khairullina, Olga G. Yevgrafova, Zavgaria M. Sakhipova, Irina V. Strakhova, Natalya V. Khlebnikova, Marina N. Vishnevskaya | ||
| 260 | _bInternational Review of Management and Marketing | ||
| 260 | _c2012 | ||
| 300 | _a7 : 2 | ||
| 650 | _xMarketing. | ||
| 856 | _uhttp://www.econjournals.com/index.php/irmm/issue/view/72 | ||
| 999 |
_c314053 _d314053 |
||